书目信息 |
| 题名: |
中国天文学会往事
|
|
| 作者: | 江晓原 , 陈志辉 编著 | |
| 分册: | ||
| 出版信息: | 上海 上海交通大学出版社 2008.10 |
|
| 页数: | 318页, [3] 页图版 | |
| 开本: | 26cm | |
| 丛书名: | 中国学会史丛书 | |
| 单 册: | ||
| 中图分类: | P1-262 | |
| 科图分类: | ||
| 主题词: | 天文学--tian wen xue--学会--历史--中国 | |
| 电子资源: | ||
| ISBN: | 978-7-313-05410-4 | |
| 000 | 01255nam 2200301 450 | |
| 001 | 012009468031 | |
| 005 | 20090623112319.32 | |
| 010 | @a978-7-313-05410-4@dCNY48.00 | |
| 100 | @a20090623d2008 em y0chiy0120 ea | |
| 101 | 0 | @achi |
| 102 | @aCN@b310000 | |
| 105 | @aacf a 000yy | |
| 106 | @ar | |
| 200 | 1 | @a中国天文学会往事@Azhong guo tian wen xue hui wang shi@d= A history of Chinese astronomical society@f江晓原, 陈志辉编著@Fjiang xiao yuan,chen zhi hui bian zhu@zeng |
| 210 | @a上海@c上海交通大学出版社@d2008.10 | |
| 215 | @a318页, [3] 页图版@c图, 肖像@d26cm | |
| 225 | 2 | @a中国学会史丛书@Azhong guo xue hui shi cong shu |
| 300 | @a中国科学技术协会资助项目编号:zgxc0802 | |
| 320 | @a有书目 (第318页) | |
| 330 | @a本书由上海交大著名人文学者江晓原教授主撰,勾勒了中国天文学会的发展历程,有丰富的历史史料,文笔清新,层次清楚,可读性强,是本很有特色的科技学会史著作,对科学史研究工作者具有很高的参考价值。 | |
| 410 | 0 | @12001 @a中国学会史丛书 |
| 510 | 1 | @aHistory of Chinese astronomical society@zeng |
| 606 | 0 | @a天文学@Atian wen xue@x学会@x历史@y中国 |
| 690 | @aP1-262@v4 | |
| 701 | 0 | @a江晓原@Ajiang xiao yuan@4编著 |
| 701 | 0 | @a陈志辉@Achen zhi hui@4编著 |
| 801 | 0 | @aCN@bQSSK@c20090623 |
| 905 | @b746984-86@dP1-262@eJ448@f3 | |
| 中国天文学会往事= A history of Chinese astronomical society/江晓原, 陈志辉编著.-上海:上海交通大学出版社,2008.10 |
| 318页, [3] 页图版:图, 肖像;26cm.-(中国学会史丛书) |
| 中国科学技术协会资助项目编号:zgxc0802 |
| ISBN 978-7-313-05410-4:CNY48.00 |
| 本书由上海交大著名人文学者江晓原教授主撰,勾勒了中国天文学会的发展历程,有丰富的历史史料,文笔清新,层次清楚,可读性强,是本很有特色的科技学会史著作,对科学史研究工作者具有很高的参考价值。 |
| ● |
| 相关链接 |
|
|
|
正题名:中国天文学会往事
索取号:P1-262/J448
 
预约/预借
| 序号 | 登录号 | 条形码 | 馆藏地/架位号 | 状态 | 备注 |
| 1 | 746984 | 207469844 | 期刊室512/401自科库 109排1列6层/ [索取号:P1-262/J448] | 在馆 | |
| 2 | 746985 | 207469853 | 期刊室512/401自科库 109排1列6层/ [索取号:P1-262/J448] | 在馆 | |
| 3 | 746986 | 207469862 | 自科库401/401自科库 109排2列1层/ [索取号:P1-262/J448] | 在馆 |